000
00310 a2200157 4500
001
164360
020
_a
040
_c
Magnum
100
_a
Connor, Steven
240
1
0
_a
Cultura pos-moderna
_l
por
245
1
0
_a
Cultura pos-moderna
362
0
_a
1899
440
1
_a
Loyola
697
_a
GERAL
942
_c
BK
999
_c
164360
_d
164360